| 000 | 00000nas##2200000za#4500 |
| 001 | 9.504768 |
| 003 | CaOODSP |
| 005 | 20210929082751 |
| 007 | cr ||||||||||| |
| 008 | 150406c1997||||xxc|| m o||||f| |0eng|d |
| 040 | |aCaOODSP|beng |
| 043 | |an-cn--- |
| 086 | 1 |aFo29-47E-PDF |
| 110 | 1 |aCanada. |bNatural Resources Canada. |bCanadian Forest Service. |
| 245 | 10|aTechnology transfer note : |h[electronic resource]|bforestry research applications / |cIssued by the Pacific Forestry Centre. |
| 260 | |aVictoria - British Columbia : |bNatural Resources Canada. |
| 310 | |aIrregular |
| 500 | |aThe ISSN (1209-6571) of the print edition has been copied in the pdf edition. |
| 520 | 3 |aThese notes describe recent forestry research with management applications conducted by the Pacific Forestry Centre in British Columbia. A summary of the research and its management implications is followed by a listing of relevant scientific articles and a forestry centre contact. |
| 775 | 08|tNotes de transfert technologique : |w(CaOODSP)9.501177 |
| 776 | 0#|tTechnology transfer note : |w(CaOODSP)9.514646 |